000 01103nam a2200301 i 4500
003 DO-SdBNP
005 20260505100119.0
007 ta
008 260505b2025 dr ||||| |||| 00| 0 spa d
020 _a9789945623390
040 _aDO-SdBNP
_bspa
_cBNPHU
_erda
041 _aspa
082 4 _axxx
_bxxx
_222
100 _aJulián Castillo, José Loreto
_eautor
_4aut.
_989457
245 1 0 _aBrasil y la intervención militar estadounidense de 1965 en República Dominicana /
_cJosé Loreto Julián Castillo ; cuidado de edición, Enrique Soldevilla Enríquez
250 _aprimera edición
300 _a190 páginas ;
_c21 cm.
336 _atexto
_btxt
_2rdacontent
337 _asin mediación
_bn
_2rdamedia
338 _avolumen
_bnc
_2rdacarrier
500 _aIncluye datos biográficos del autor en la contracubierta
500 _aIncluye referencias bibliográficas y notas al pie de las páginas
504 _aBibliografía : páginas 169-190
590 _aInventariado, 2026/BT
700 _aSoldevilla Enríquez, Enrique,
_eeditor
_4ed.
_983038
910 _aBtavárez
942 _2ddc
_cLBS1
999 _c60658
_d60658